000 00440nam a2200205Ia 4500
001 11615
003 GE_BSU
008 181216s||||||||xx |||||||||||||| ||und||
020 _a9780007226498
040 _cGE_BSU
080 _a821.111-31
100 _aParsons,Tony.
245 _aMy favourite wife.
260 _aLondon
260 _bHarper.
260 _c2008.
300 _a505p;20cm.
653 _aMy favourite wife.
942 _cBK
999 _c44810
_d44810